000 00424nam a2200121Ia 4500
008 220615s9999||||xx |||||||||||||| ||und||
100 _aVadim Glebovsky
245 0 _aProgress in Metallic Alloys
546 _aEnglish[eng]
650 _aPhysical Sciences||Engineering and Technology||Materials Science||Metals and Nonmetals||Metallurgy
856 _uhttps://www.intechopen.com/books/progress-in-metallic-alloys
942 _cEB
999 _c11873
_d11873